Marketingové inovácie a ich úloha v rozvoji podniku diplomová práca

Salvato in:
Dettagli Bibliografici
Autore principale: Schmidt, Alexandra
Ente Autore: Obchodná fakulta EU. Katedra marketingu
Altri autori: Daneshjo, Naqibullah, 1964-
Natura: Libro
Lingua:slovacco
Pubblicazione: Bratislava 2025
Tags: Aggiungi Tag
Nessun Tag, puoi essere il primo ad aggiungerne!!

MARC

LEADER 00000nbm a2200000 4500
001 0310319
005 20251104122205.6
041 0 |a slo 
044 |a SK 
245 1 0 |a Marketingové inovácie a ich úloha v rozvoji podniku  |b diplomová práca  |c Alexandra Schmidt ; školiteľ: Naqibullah Daneshjo 
264 1 |a Bratislava  |c 2025 
300 |a 71 s. 
100 1 |a Schmidt, Alexandra 
700 1 |a Daneshjo, Naqibullah, 1964- 
710 2 |a Obchodná fakulta EU. Katedra marketingu